000 04822cam a22018494i 4500
003 PE-LiUPU
005 20250813165349.0
008 160711s2015 ck a rb 001 0 spa d
020 _a9789589866474
035 _a(Sirsi) a162000
082 0 4 _a628.1
_bZ24
_221
100 1 _aZambrano Alfonso, Napoleón,
_eautor.
245 _aRecolección de aguas residuales /
_cNapoleón Zambrano Alfonso.
250 _aPrimera edición.
264 _aBogotá :
_bLemoine Editores,
_c2015.
300 _a273 páginas :
_bilustraciones ;
_c24 centímetros
336 _atext
_2rdacontent
337 _aunmediated
_2rdamedia
338 _avolume
_2rdacarrier
504 _aBibliografía : páginas 263-267.
504 _aÍndice : páginas 269-273.
505 0 _aHistoria y generalidades -- Flujo en los colectores -- Cimentación de las tuberías -- Recolección de las aguas residuales -- Alcantarillado pluvial -- Aliviaderos -- Canales -- Aspectos generales en la construcción y operación de los alcantarillados.
526 _aP203
526 _aP200
526 _aSEG65
526 _aSEG64
526 _aSEG63
526 _aSEG62
526 _aSEG61
526 _aSEG60
526 _aSEG59
526 _aSEG58
526 _aSEG57
526 _aSEG56
526 _aSEG55
526 _aSEG54
526 _aSEG53
526 _aSEG52
526 _aSEG51
526 _aSEG50
526 _aSEG49
526 _aSEG48
526 _aSEG47
526 _aSEG46
526 _aSEG24
526 _aSEG23
526 _aSEG22
526 _aSEG21
526 _aSEG20
526 _aSEG19
526 _aSEG18
526 _aSEG17
526 _aSEG16
526 _aSEG14
526 _aSEG13
526 _aSEG12
526 _aSEG11
526 _aSEG10
526 _aSEG09
526 _aSEG06
526 _aSEG05
526 _aSEG04
526 _aSEG03
526 _aSEG02
526 _aSEG68
526 _aSEG66
526 _aSEG45
526 _aSEG25
526 _aSEG01
526 _aP163
526 _aP162
526 _aP161
526 _aP160
526 _aP159
526 _aP158
526 _aP157
526 _aP156
526 _aP155
526 _aP154
526 _aP153
526 _aP152
526 _aP151
526 _aP150
526 _aP149
526 _aP142
526 _aP141
526 _aP140
526 _aP139
526 _aP138
526 _aP137
526 _aP132
526 _aP131
526 _aP130
526 _aP126
526 _aP125
526 _aP124
526 _aP123
526 _aP115
526 _aP122
526 _aP121
526 _aP116
526 _a P114
526 _aP112
526 _aP111
526 _aP104
526 _aP103
526 _aP102
526 _aP101
526 _aP100
526 _aP96
526 _aP95
526 _aP93
526 _aP92
526 _aP91
526 _aP88
526 _aP83
526 _aP82
526 _aP79
526 _aP78
526 _aP75
526 _aP74
526 _aP71
526 _aP69
526 _a P51
526 _aP49
526 _aP48
526 _aP47
526 _aP33
526 _aP31
526 _a P30
526 _aP29
526 _aP27
526 _aP26
526 _aP25
526 _aP24
526 _a P22
526 _aP10
526 _aP09
526 _a P08
526 _aP06
526 _aP05
526 _aP04
526 _aP01
541 _g001-003147;
541 _gF002-00000048;
650 0 4 _aAguas reciduales
_xAcueductos y alcantarillado.
650 0 4 _aAlcantarillado - Diseño y construcción.
910 _ajck
_bebj
_cebj
_d20160711
910 _adbm
_bwmm
_cwmm
_d20180521
942 _2ddc
_cBOOK
949 _a628.1 Z24
_wDEWEY
_c1
_i73861
_lCATALOGING
_mBUL
_p33.86
_r0
_sY
_tBOOK
_u11/07/16
_xINGENIERIA
_PP24
_o.STAFF. Colección General
_0compra
994 _aC0
_bPEPRU
596 _a1
999 _a628.1 Z24
_wDEWEY
_c10978
_i73861
_d10978
_e2018-3-19
_f2021-11-9
_g7
_lCCODEBUL1
_mBUL
_n2
_p33.86
_q1
_r0
_sY
_tBOOK
_u2016-7-11
_xINGENIERIA
_PP24
_0COMPRA
_o.STAFF. Colección General
999 _a628.1 Z24
_wDEWEY
_c2
_i78550
_d2018-7-24
_f2021-11-9
_g4
_lCCODEBUL1
_mBUL
_p25.36
_q1
_r0
_sY
_tBOOK
_u2018-5-23
_xINGENIERIA
_PP24
_0COMPRA
_1FCOMPRA
_o.STAFF. Colección Ingeniería y Arquitectura
999 _a628.1 Z24
_wDEWEY
_c3
_i78538
_d2019-8-12
_e2019-8-12
_f2019-2-20
_g2
_kCHECKEDOUT
_lCCODEBUL1
_mBUL
_n1
_p25.36
_q2
_rM
_sY
_tBOOK
_u2018-5-23
_xINGENIERIA
_PP24
_0COMPRA
_1FCOMPRA
_o.STAFF. Colección Ingeniería y Arquitectura
980 _81
_gALBERTO SANCHEZ Responsable de Automatización